00574 2200193 4500001002100000005001500021035002000036007000300056008004100059082001600100100001700116245003800133250001200171260006800183300003000251650006500281700001500346856001900361INLIS00000000000013420250710010841 a0010-0725000134ta250710 a 0 ind  a398.209 5980 aChinith,Chou1 aTiga Kucing Kecil /cChou Chinith apertama aJakarta Timur :bBadan Pengembangan dan Pembinaan Bahasa,c2022 a24hlm. :bilus. ;c22,9cm 4acerita anak indonesia terjemah inggris,literasi bahan bacaan0 aYoum Kosal aTBM AS-SYUHADA